Normal view
MARC view
Entry Personal Name
001 - CONTROL NUMBER
- control field: 65470
003 - CONTROL NUMBER IDENTIFIER
- control field: dpl
005 - DATE AND TIME OF LATEST TRANSACTION
- control field: 20240502142456.0
008 - FIXED-LENGTH DATA ELEMENTS
- fixed length control field: 240502|| aca||aabn | a|a d
040 ## - CATALOGING SOURCE
- Original cataloging agency: dpl
- Transcribing agency: dpl
100 ## - HEADING--PERSONAL NAME
- Personal name: नोगरेया, ममता
670 ## - SOURCE DATA FOUND
- Source citation: Work cat.: (dpl)202549: नोगरेया, ममता, देवी देवताओ की कथाए /, 2022
